RESEARCH METHODOLOGY IN BEHAVIOURAL SCIENCES (Record no. 10525)

MARC details
000 -LEADER
fixed length control field 01905nam a22001577a 4500
003 - CONTROL NUMBER IDENTIFIER
control field SGT
020 ## - INTERNATIONAL STANDARD BOOK NUMBER
International Standard Book Number 9788120348080
082 ## - DEWEY DECIMAL CLASSIFICATION NUMBER
Classification number 001.42 MAN
100 ## - MAIN ENTRY--PERSONAL NAME
Personal name MANGAL,S.K
245 ## - TITLE STATEMENT
Title RESEARCH METHODOLOGY IN BEHAVIOURAL SCIENCES
260 ## - PUBLICATION, DISTRIBUTION, ETC. (IMPRINT)
Place of publication, distribution, etc NEW DELHI
Name of publisher, distributor, etc PHI
Year of Publication 2015
300 ## - PAGE DESCRIPTION
No. of Pages 740
650 ## - SUBJECT ADDED ENTRY--TOPICAL TERM
Topical term or geographic name as entry element RESEARCH METHODOLOGY
653 ## - KEYWORDS--INDEX TERM
Keyword term 1. Research: Nature and Fundamental Concepts 2. Research in Behavioural Sciences: Nature and Types 3. Historical Research 4. Descriptive or Normative Survey Research 5. Developmental Research 6. Experimental Research and Designs 7. Quasi-experimental Research 8. Ex-post Facto Research 9. Qualitative Research 10. Ethnographic Research 11. Case Study and Single Subject Study Research 12. Documentary Analysis Research 13. Research Problem: Identification and Writing a Research Proposal (Synopsis) 14. Searching and Reviewing the Related Literature 15. Research Hypotheses 16. Sampling 17. Data Collection: Tools and Techniques 18. Data Collection Tools: Observation 19. Data Collection Tools: Questionnaire 20. Data Collection Tools: Interview 21. Data Collection Tools: Rating Scales 22. Data Collection Tools: Attitude Scales 23. Data Collection Tools: Achievement Tests 24. Data Collection Tools: Sociometry or Sociometric Techniques 25. Data Collection Tools: Personality and Adjustment Inventories 26. Data Collection Tools: Projective Techniques 27. Construction and Standardization of Research Tools 28. Interpretation of Test Scores: Scores Transformation and Development of Test Norms 29. Reliability of Research Tools 30. Validity of Research Tools 31. Quantitative Data Analysis 32. Qualitative Data Analysis 33. Writing Research Report 34. Using Computer Technology in Research
942 ## - ADDED ENTRY ELEMENTS (KOHA)
Source of classification or shelving scheme Dewey Decimal Classification
Koha item type FCM Books
942 ## - ADDED ENTRY ELEMENTS (KOHA)
-- 2
Holdings
Withdrawn status Lost status Source of classification or shelving scheme Damaged status Not for loan Collection code Home library Current library Shelving location Date acquired Vendor Name Cost, normal purchase price SGTU Bill Number Full call number Accession No. (Barcode) Date last seen Bill Date Koha item type Total Checkouts Date last borrowed
    Dewey Decimal Classification   Not For Loan COMMERCE MANAGEMENT SGT Science & Social Sciences Library SGT Science & Social Sciences Library Reference Book 19/01/2017 INDIAN PUBLISHER & DISTRIBUTORS 525.00 SGTU 117 001.42 MAN CM3383 19/01/2017 20/12/2016 FCM Books    
    Dewey Decimal Classification     COMMERCE MANAGEMENT SGT Science & Social Sciences Library SGT Science & Social Sciences Library On Display 19/01/2017 INDIAN PUBLISHER & DISTRIBUTORS 525.00 SGTU 117 001.42 MAN CM3384 04/04/2023 20/12/2016 FCM Books 5 22/03/2023